000 00379nam a2200133Ia 4500
008 100328s9999 xx 000 0 und d
082 _b40847
100 _aबेडेकर विश्राम
245 _aरणांगण.
260 _bदेशमुख आणि कंपनी
630 _aरणांगण.
730 _aरणांगण.
942 _cBOOK
999 _c529554
_d529551